Novelizované zákony o minimálnej mzde a zamestnanosti s dôvodovou správou v úplnom znení.

Uložené v:
Podrobná bibliografia
Médium: Kniha
Jazyk:Slovak
Vydané: Bratislava : Epos, Ing. Miroslav Mračko, 1999
Vydanie:1. vyd.
Edícia:Novelizované zákony s dôvodovými správami v úplnom znení
Témy:
ISBN: 8080571163 (brož.)
Fyzický popis: 95 s.
Tagy: Pridať tag
Žiadne tagy, Buďte prvý kto otaguje tento záznam!

MARC

LEADER 00000nam a2200000 a 4500
001 000046607
003 SVKK
005 20060914094133.0
008 010521s1999 xo e sloo
020 |a 8080571163 (brož.) 
040 |a SVKKK  |b slo  |c SVKKK  |e AACR2 
041 0 |a slo 
044 |a xo  |c SK 
080 |a 331.2(094)  |2 1997 
080 |a 331.215.53(094)  |2 1997 
080 |a 331.5(094)  |2 1997 
245 0 0 |a Novelizované zákony o minimálnej mzde a zamestnanosti s dôvodovou správou v úplnom znení. 
250 |a 1. vyd. 
260 |a Bratislava :  |b Epos, Ing. Miroslav Mračko,  |c 1999 
300 |a 95 s. 
440 0 |a Novelizované zákony s dôvodovými správami v úplnom znení 
653 0 |a mzda minimálna  |2 SVKKKPH 
653 0 |a zamestnanosť  |2 SVKKKPH 
653 0 |a zákony  |2 SVKKKPH 
655 7 |a zákony  |2 SVKKKPH 
910 |a svkkk 
919 |a 80-8057-116-3 
974 |a UH  |d 19990721 
974 |a PA  |d 19990713 
974 |a MI  |d 19990726 
998 |a BK 
090 |g SCKHL  |k Sklad Pribinova 2. posch.  |a III.183519  |j 925211  |i 2720435811  |s Absenčne